书目信息 |
| 题名: |
化学气相淀积与无机新材料
|
|
| 作者: | 孟广耀 编著 | |
| 分册: | ||
| 出版信息: | 北京 科学出版社 1984.4 |
|
| 页数: | 229页 | |
| 开本: | 19cm | |
| 丛书名: | ||
| 单 册: | ||
| 中图分类: | TQ110.1 | |
| 科图分类: | ||
| 主题词: | 无机化工 | |
| 电子资源: | ||
| ISBN: | ||
| 000 | 00516nam0 2200181 45 | |
| 001 | 0181011285 | |
| 005 | 20060406152202.42 | |
| 010 | @dCNY1.20 | |
| 100 | @a20810111d km y0chiy0120 ea | |
| 101 | 0 | @achi |
| 200 | 1 | @a化学气相淀积与无机新材料@Ahua xue qi xiang dian ji yu wu ji xin cai liao@f孟广耀编著@Fmeng guang yao |
| 210 | @a北京@c科学出版社@d1984.4 | |
| 215 | @a229页@d19cm | |
| 606 | 0 | @a无机化工 |
| 690 | @aTQ110.1 | |
| 701 | 0 | @a孟广耀@4编著 |
| 801 | @aCN@bTSTC@c20060406 | |
| 905 | @dTQ110.1@e6@f3@b165436-38 | |
| 化学气相淀积与无机新材料/孟广耀编著.-北京:科学出版社,1984.4 |
| 229页;19cm |
| ISBN :CNY1.20 |
| ● |
| 相关链接 |
|
|
|
|
正题名:化学气相淀积与无机新材料
索取号:TQ110.1/6
 
预约/预借
| 序号 | 登录号 | 条形码 | 馆藏地/架位号 | 状态 | 备注 |
| 1 | 0165436 | 202209751 | 密集书库/ [索取号:TQ110.1/6] | 在馆 | |
| 2 | 0165437 | 202164567 | 密集书库/ [索取号:TQ110.1/6] | 在馆 | |
| 3 | 0165438 | 001646044 | 第二样本阅览室/ [索取号:TQ110.1/6] | 在馆 |